| Tag |
First Indicator |
Second Indicator |
Subfields |
| LEADER |
00000cam a22000001a 4500 |
| 001 |
in00003695621 |
| 005 |
20190408181955.0 |
| 006 |
m o d f |
| 007 |
cr bn mmmapmmp |
| 008 |
141204m19151916dcu o f000 0 eng d |
| 035 |
|
|
|a ebd1910307814
|
| 040 |
|
|
|a UMI
|c UMI
|d UtOrBLW
|
| 086 |
0 |
|
|a W 30.1:916
|
| 099 |
|
|
|a W30.1-9
|
| 245 |
0 |
0 |
|a Annual report of Commandant, Mounted Service School, Fort Riley, Kans., 1916.
|
| 264 |
|
1 |
|a [Washington] :
|b Fort Riley, Kans,
|c 1915-1916.
|
| 300 |
|
|
|a 1 online resource (109 pages)
|
| 336 |
|
|
|a text
|b txt
|2 rdacontent
|
| 337 |
|
|
|a computer
|b c
|2 rdamedia
|
| 338 |
|
|
|a online resource
|b cr
|2 rdacarrier
|
| 500 |
|
|
|a Annual report on Mounted Service School training activities in horsemanship and horseshoeing. Reports include lists of students and instructors, course descriptions and schedules, and data on school expenditures. Some reports also include data on graduates, students not graduating, veterinary cases by condition, and horses shod.
|
| 533 |
|
|
|a Electronic reproduction.
|b [Bethesda, Md.] :
|c ProQuest,
|d 2014.
|e digital, PDF file.
|n ProQuest U.S. Executive Branch Documents
|n Mode of access: World Wide Web via ProQuest website.
|
| 588 |
|
|
|a Record is based on online resource; title from PDF title page (ProQuest, last viewed Dec. 2014). Reuse except for individual research requires license from ProQuest, LLC.
|
| 500 |
|
|
|a Electronic resource.
|
| 650 |
|
0 |
|a Cavalry.
|0 http://id.loc.gov/authorities/subjects/sh85021479
|
| 650 |
|
0 |
|a Defense spending.
|
| 650 |
|
0 |
|a Military education.
|0 http://id.loc.gov/authorities/subjects/sh85085189
|
| 650 |
|
0 |
|a Teachers.
|0 http://id.loc.gov/authorities/subjects/sh85132964
|
| 655 |
|
7 |
|a Electronic books.
|2 local
|
| 856 |
4 |
0 |
|u http://proxy.library.tamu.edu/login?url=http://congressional.proquest.com/congressional/docview/t66.d71.w30.1-9
|z Connect to the full text of this electronic document
|t 0
|
| 999 |
f |
f |
|s 31fdf479-52ed-31fa-ae97-bbe221e45282
|i b7ccb98c-ba2c-307c-b7e8-e1a532871018
|t 0
|
| 952 |
f |
f |
|a Texas A&M University
|b College Station
|c Electronic Resources
|d Available Online
|t 0
|h No information provided
|
| 998 |
f |
f |
|t 0
|l Available Online
|